Đánh giá hiện trạng sử dụng nông dược trong sản xuất lúa tại tỉnh Cà Mau : Luận văn tốt nghiệp cao học. Ngành bảo vệ thực vật
Nội dung nghiên cứu: đề tài nhằm đánh giá hiện trạng sản xuất lúa tại 3 tỉnh Cà Mau ; đánh giá tình hình dịch hại và hiện trạng sử dụng thuốc BVTV trong việc sản xuất lúa ; đánh giá hiệu quả tài chính và yếu tố ảnh hưởng đến sử dụng nô...
محفوظ في:
| المؤلف الرئيسي: | |
|---|---|
| التنسيق: | كتاب |
| اللغة: | Undetermined |
| منشور في: |
Cần Thơ
Trường Đại học Cần Thơ
2014
|
| الموضوعات: | |
| الوسوم: |
إضافة وسم
لا توجد وسوم, كن أول من يضع وسما على هذه التسجيلة!
|
| Thư viện lưu trữ: | Trung tâm Học liệu Trường Đại học Cần Thơ |
|---|
| LEADER | 01596nam a2200229Ia 4500 | ||
|---|---|---|---|
| 001 | CTU_198385 | ||
| 008 | 210402s9999 xx 000 0 und d | ||
| 082 | |a 633.18 | ||
| 082 | |b Th550 | ||
| 088 | |a 60620112 | ||
| 100 | |a Dương, Minh Thư | ||
| 245 | 0 | |a Đánh giá hiện trạng sử dụng nông dược trong sản xuất lúa tại tỉnh Cà Mau : | |
| 245 | 0 | |b Luận văn tốt nghiệp cao học. Ngành bảo vệ thực vật | |
| 245 | 0 | |c Dương Minh Thư ; Trần Thị Thu Thủy (Người hướng dẫn) | |
| 260 | |a Cần Thơ | ||
| 260 | |b Trường Đại học Cần Thơ | ||
| 260 | |c 2014 | ||
| 520 | |a Nội dung nghiên cứu: đề tài nhằm đánh giá hiện trạng sản xuất lúa tại 3 tỉnh Cà Mau ; đánh giá tình hình dịch hại và hiện trạng sử dụng thuốc BVTV trong việc sản xuất lúa ; đánh giá hiệu quả tài chính và yếu tố ảnh hưởng đến sử dụng nông dược và hiệu quả sản xuất lúa ; đề xuất giải pháp trong sử dụng thuốc BVTV tại Cà Mau nhằm sản xuất lúa có hiệu quả và hạn chế tình trạng sử dụng thuốc tràn lan và gây ô nhiễm môi trường. | ||
| 650 | |a Hóa chất nông nghiệp,Agricultural chemicals,Rice,Lúa | ||
| 650 | |x Research,Nghiên cứu | ||
| 904 | |i Phan Thông Thụy Quân (Tuyền) | ||
| 980 | |a Trung tâm Học liệu Trường Đại học Cần Thơ | ||